000
00316nam a2200133Ia 4500
005
20251222175915.0
008
251222s9999||||xx |||||||||||||| ||spa||
082
_a
324.946/R21
100
_a
RamÃrez, Pedro J.
245
0
_a
Amarga Victoria
250
_a
1ra.ed.
264
_b
Editorial Planeta, S.A.
942
_c
LIB
999
_c
40470
_d
40470